My world alphabet: (Record no. 114518)
[ view plain ]
| 000 -LEADER | |
|---|---|
| fixed length control field | 00367nam a2200133 a 4500 |
| 005 - DATE AND TIME OF LATEST TRANSACTION | |
| control field | 20140414132103.0 |
| 008 - FIXED-LENGTH DATA ELEMENTS--GENERAL INFORMATION | |
| fixed length control field | 100726s19uu xx 00 eng d |
| 050 ## - LIBRARY OF CONGRESS CALL NUMBER | |
| Classification number | M 372.6 |
| Item number | P58 2004 |
| 100 ## - MAIN ENTRY--PERSONAL NAME | |
| Personal name | Picthall, Chez |
| 245 ## - TITLE STATEMENT | |
| Title | My world alphabet: |
| Remainder of title | exploring letters and words. |
| 260 ## - PUBLICATION, DISTRIBUTION, ETC. (IMPRINT) | |
| Place of publication, distribution, etc | Uk : |
| Name of publisher, distributor, etc | Picthall &Gunzi Ltd, |
| Date of publication, distribution, etc | 2004. |
| 650 ## - SUBJECT ADDED ENTRY--TOPICAL TERM | |
| Topical term or geographic name as entry element | Word book |
| Withdrawn status | Lost status | Damaged status | Use restrictions | Home library | Current library | Shelving location | Date acquired | Source of acquisition | Cost, normal purchase price | Total Checkouts | Full call number | Barcode | Date last seen | Price effective from | Koha item type |
|---|---|---|---|---|---|---|---|---|---|---|---|---|---|---|---|
| Munich Library | Munich Library | Main Section | 07/26/2010 | 199.00 | M 372.6 P58 2004 | M6367 | 04/14/2014 | 04/14/2014 | Books |